Les Indiens de la Caraibe

Αποθηκεύτηκε σε:
Λεπτομέρειες βιβλιογραφικής εγγραφής
Κύριος συγγραφέας: Cinkaravelu Mutaliyar, A. 1855-1931
Μορφή: Βιβλίο
Γλώσσα:French
Δημοσίευση: Paris : L'Harmattan, c1987
Θέματα:
Ετικέτες: Προσθήκη ετικέτας
Δεν υπάρχουν, Καταχωρήστε ετικέτα πρώτοι!

MARC

LEADER 00000nam a2200000 i 4500
001 1/105145
008 950609s1987 fre d
020 |a 2-85802-748-X 
035 |l 10013546 
040 |a GR-MY-UA  |b gre  |e aacr 
041 0 |a fre 
082 0 |a 972.9004914 
100 1 |a Cinkaravelu Mutaliyar, A.  |d 1855-1931. 
245 1 4 |a Les Indiens de la Caraibe /  |c Singaravelou M. ; Preface de Guy Lasserre 
260 |a Paris :   |b L'Harmattan,   |c c1987 
300 |a 3 v.;  |b ill.;  |c 24 cm 
504 |a Bibliography: v. 3, p. 279-287 
505 0 |a t. 1. [without special title] -- t. 2. Croissance demographique et integration economique des Indiens depuis 1945 -- t. 3. Tradition et modernite: contribution a la geographie de l'adaptation socio-culturelle 
650 0 0 |a East Indians  |z Caribbean Area. 
774 1 |t Les Indiens de la Caraibe 
852 |a INST  |b LESVOS  |e 19950609  |h 972.9004914 CIN  |p 005100005379  |q 005100005379  |t BK  |y 0 
909 |a Λ  |b 015284